Normal view
MARC view
Entry Topical Term
001 - CONTROL NUMBER
- control field: 1247
003 - CONTROL NUMBER IDENTIFIER
- control field: csc
005 - DATE AND TIME OF LATEST TRANSACTION
- control field: 20140507162055.0
008 - FIXED-LENGTH DATA ELEMENTS
- fixed length control field: 130522|| aca||aabn | a|a d
040 ## - CATALOGING SOURCE
- Original cataloging agency: csc
- Transcribing agency: csc
150 ## - HEADING--TOPICAL TERM
- Topical term or geographic name entry element: CLASIFICACION DE SUELOS
670 ## - SOURCE DATA FOUND
- Source citation: Work cat.: (csc)268: Agency for International Development, Washington, DC (USA) eng 5061, مسح التربة في الجمهورية العربية اليمنية. موجز التقرير النهائي, 1983